|
|
|
|
| LEADER |
00000nam0a2200000 4500 |
| 001 |
154935 |
| 005 |
20231101221812.0 |
| 010 |
|
|
|a 9785915590457
|
| 035 |
|
|
|a (RuTPU)RU\TPU\book\168047
|
| 090 |
|
|
|a 154935
|
| 100 |
|
|
|a 20090306d2010 k y0rusy50 ca
|
| 101 |
0 |
|
|a rus
|
| 102 |
|
|
|a RU
|
| 105 |
|
|
|a a z 001zy
|
| 200 |
1 |
|
|a Полимерные композиционные материалы. Прочность и технология
|f С. Л. Баженов [и др.]
|
| 210 |
|
|
|a Долгопрудный
|c Интеллект
|d 2010
|
| 215 |
|
|
|a 347 с.
|c ил.
|
| 320 |
|
|
|a Библиография в конце глав.
|
| 330 |
|
|
|a Рассмотрены способы создания и эксплуатационные характеристики композиционных материалов на основе полимерных матриц. Сравниваются характеристики волокнистых и дисперсно-наполненных композитов. В рамках различных теоретических моделей изложены методы расчета механических свойств композитов. Рассматриваются теплофизические свойства, поверхностные явления, горючесть, механизмы увеличения ударной прочности и эластичности наполненных материалов. Описаны технологические процессы получения дисперсно-наполненных композитов и армированных материалов. Для научных и инженерно-технических работников, занимающихся разработкой и применением полимерных материалов.
|
| 606 |
1 |
|
|a Композиционные материалы полимерные
|2 stltpush
|3 (RuTPU)RU\TPU\subj\15051
|9 41349
|
| 610 |
1 |
|
|a материаловедение
|
| 610 |
1 |
|
|a полимерные материалы
|
| 610 |
1 |
|
|a композиционные материалы
|
| 610 |
1 |
|
|a технология
|
| 610 |
1 |
|
|a прочность
|
| 610 |
1 |
|
|a волокна
|
| 610 |
1 |
|
|a композиты
|
| 610 |
1 |
|
|a разрешение
|
| 610 |
1 |
|
|a разрушение
|
| 610 |
1 |
|
|a напряжение
|
| 610 |
1 |
|
|a хрупкость
|
| 610 |
1 |
|
|a пластичность
|
| 610 |
1 |
|
|a поперечное разрушение
|
| 610 |
1 |
|
|a волокнистые композиты
|
| 610 |
1 |
|
|a упругость
|
| 610 |
1 |
|
|a продольное растяжение
|
| 610 |
1 |
|
|a растрескивание
|
| 610 |
1 |
|
|a армирование
|
| 610 |
1 |
|
|a продольное сжатие
|
| 610 |
1 |
|
|a стеклопластики
|
| 610 |
1 |
|
|a углепластики
|
| 610 |
1 |
|
|a текучесть
|
| 610 |
1 |
|
|a наполнители
|
| 610 |
1 |
|
|a гомогенизация
|
| 610 |
1 |
|
|a теплофизические свойства
|
| 610 |
1 |
|
|a электрические свойства
|
| 610 |
1 |
|
|a диффузионные свойства
|
| 610 |
1 |
|
|a горючесть
|
| 610 |
1 |
|
|a моделирование
|
| 610 |
1 |
|
|a переработка
|
| 610 |
1 |
|
|a применение
|
| 610 |
1 |
|
|a полимеризация
|
| 610 |
1 |
|
|a компаундирование
|
| 610 |
1 |
|
|a литье
|
| 610 |
1 |
|
|a экструзия
|
| 675 |
|
|
|a 620.22-419.8
|v 3
|
| 701 |
|
1 |
|a Баженов
|b С. Л.
|g Сергей Леонидович
|
| 701 |
|
1 |
|a Берлин
|b А. А.
|g Александр Александрович
|
| 701 |
|
1 |
|a Кульков
|b А. А.
|g Александр Алексеевич
|
| 701 |
|
1 |
|a Ошмян
|b В. Г.
|g Виктор Григорьевич
|
| 801 |
|
1 |
|a RU
|b 63413507
|c 20090306
|g PSBO
|
| 801 |
|
2 |
|a RU
|b 63413507
|c 20150603
|g PSBO
|
| 942 |
|
|
|c BK
|
| 959 |
|
|
|a 31/20090305
|d 5
|e 770,00
|f АНЛ:1
|f ЧЗТЛ:1
|f УФ:3
|
| 959 |
|
|
|a 71/20090615
|d 5
|e 858,00
|f АНЛ:1
|f ЧЗТЛ:1
|f УФ:3
|